[Event "G7:1"]
[Site "K41"]
[Round "3"]
[White "Morten Frank Jensen"]
[Black "Michael Vesterli"]
[Result "0-1"]
[Date "28.03.2013"]
[WhiteElo "2005"]
[BlackElo "2018"]
[Input "DGT5655"]
[Board "game_10"]

1.b3 e5 2.Bb2 Nc6 3.e3 d6 4.Nf3 Nf6 5.Bb5 Bd7 6.d4 e4 7.Nfd2 Ne7 8.Bxd7+ 
Qxd7 9.c4 c6 10.Nc3 d5 11.Ba3 g6 12.O-O Bg7 13.Qe2 O-O 14.Rac1 Rfc8 15.
Rfd1 h5 16.cxd5 cxd5 17.f3 exf3 18.gxf3 Nc6 19.Nf1 Nh7 20.Qg2 Re8 21.Na4 
b6 22.Nb2 Bf6 23.Nd3 Rac8 24.Qg3 Ne7 25.Ne5 Qe6 26.f4 Bg7 27.Rxc8 Rxc8 28.
Rc1 Nf5 29.Qe1 Nf6 30.Ng3 Nxg3 31.Qxg3 Rxc1+ 32.Bxc1 Qc8 33.Qe1 Ne4 34.Nd3
Qg4+ 35.Kh1 Bf6 36.Ne5 Qh3 37.Kg1 Bh4 38.Qe2 Bf2+ 0-1

[Event "G7:1"]
[Site "DM2013"]
[Round "4"]
[White "Jacob Brorsen"]
[Black "Torben Kyhl Sørensen"]
[Result "0-1"]
[Date "29.03.2013"]
[WhiteElo "2138"]
[BlackElo "2187"]
[Input "DGT932"]
[Board "game_1"]

1.d4 Nf6 2.c4 g6 3.Nc3 d5 4.cxd5 Nxd5 5.e4 Nxc3 6.bxc3 Bg7 7.Be3 c5 8.Qd2 
Qa5 9.Rc1 O-O 10.Nf3 Bg4 11.Be2 cxd4 12.cxd4 Qxd2+ 13.Kxd2 Nc6 14.d5 Rfd8 
15.Kc2 Bxf3 16.gxf3 Nd4+ 17.Kd3 Nxe2 18.Kxe2 Rdc8 19.a4 b6 20.Rhd1 Bb2 21.
Rc6 Kf8 22.Rd2 Bc3 23.Rc2 Rxc6 24.dxc6 Be5 25.f4 Bc7 26.Kd3 Rc8 27.Kc4 a6 
28.Kd3 Ke8 29.h3 f6 30.f5 Rd8+ 31.Ke2 gxf5 32.exf5 Rd5 33.Rd2 Rxd2+ 34.
Kxd2 e6 35.Kd3 Ke7 36.Ke4 Kd6 37.f4 exf5+ 38.Kxf5 Bd8 39.Bd4 b5 40.axb5 
axb5 41.Ke4 Kxc6 42.f5 b4 43.Bb2 Kc5 44.Kd3 Kd5 45.Bd4 h5 46.Bb2 b3 47.Bc3
Bc7 48.Bxf6 Be5 49.Bg5 Bh8 50.Bc1 Bf6 51.Ba3 Ke5 52.Ke3 Kxf5 53.Kf3 Bd4 
54.Bc1 Ke5 55.Ba3 Kd5 56.Ke2 Kc4 57.Kd2 Bf6 58.Kd1 Kd3 59.Bc1 Bd4 60.Ba3 
Be5 61.Bc1 Bf6 62.Ba3 Ke3 63.Kc1 Ke2 64.Bb4 Kf2 65.h4 Bxh4 66.Kb2 Bg5 67.
Kxb3 h4 68.Bd6 h3 69.Kc3 Bh4 0-1

[Event "G7:1"]
[Site "DM2013"]
[Round "4"]
[White "Janus Christensen"]
[Black "Claus Rossen"]
[Result "1-0"]
[Date "29.03.2013"]
[WhiteElo "2167"]
[BlackElo "2149"]
[Input "DGT4472"]
[Board "game_2"]

1.e4 c5 2.Nf3 Nc6 3.d4 cxd4 4.Nxd4 e5 5.Nb5 a6 6.Nd6+ Bxd6 7.Qxd6 Qf6 8.
Qd1 Qg6 9.Nc3 Nge7 10.Be3 d5 11.exd5 Nb4 12.Bd3 Nxd3+ 13.Qxd3 Bf5 14.Qd2 
O-O 15.O-O Bh3 16.f4 Nf5 17.Rae1 Nh4 18.Re2 Rfe8 19.Ref2 e4 20.Kh1 Bg4 21.
h3 Bd7 22.Ne2 Bb5 23.f5 Qd6 24.Rf4 g5 25.fxg6 Nxg6 26.Rxf7 Rf8 27.R1f6 
Qxf6 28.Rxf6 Rxf6 29.Bd4 Rf5 30.Qh6 Rf7 31.Ng3 e3 32.Qxe3 Rd8 33.Ne4 Rxd5 
34.Nf6+ Rxf6 35.Bxf6 Bc6 36.c4 Rd6 37.Bc3 Kf7 38.Qh6 Ke8 39.Qxh7 Re6 40.
Qg8+ Kd7 41.Ba5 Rf6 42.Kg1 Nf4 43.Qg4+ Ne6 44.h4 Rf4 45.Qh5 Rxc4 46.Qf7+ 
Kd6 47.Bc7+ 1-0

[Event "G7:1"]
[Site "DM2013"]
[Round "4"]
[White "Ib Hother Andersen"]
[Black "Rune Andersen"]
[Result "0-1"]
[Date "29.03.2013"]
[WhiteElo "2153"]
[BlackElo "2133"]
[Input "DGT4208"]
[Board "game_3"]

1.e4 c5 2.Nf3 Nc6 3.d4 cxd4 4.Nxd4 Nf6 5.Nc3 e5 6.Ndb5 d6 7.Bg5 a6 8.Na3 
b5 9.Bxf6 gxf6 10.Nd5 Bg7 11.Bd3 Ne7 12.Nxe7 Qxe7 13.O-O O-O 14.c4 f5 15.
Qf3 f4 16.cxb5 Qg5 17.h3 d5 18.Be2 dxe4 19.Qxe4 Bf5 20.h4 Qf6 21.Qf3 Qxh4 
22.Nc4 e4 23.Qh5 Qf6 24.b6 Kh8 25.Rfd1 f3 26.Rd6 Be6 27.gxf3 Rg8 28.Kf1 
Bf8 29.Rxe6 Qxe6 30.Qe5+ Rg7 31.Qxe6 fxe6 32.Na5 Bc5 33.b7 Rag8 34.Bxa6 
Rg1+ 35.Ke2 exf3+ 36.Kxf3 Rxa1 0-1

[Event "G7:1"]
[Site "DM2013"]
[Round "4"]
[White "Michael Vesterli"]
[Black "Christian Grubert"]
[Result "1-0"]
[Date "29.03.2013"]
[WhiteElo "2018"]
[BlackElo "2143"]
[Input "DGT1186"]
[Board "game_4"]

1.d4 f5 2.c4 Nf6 3.g3 e6 4.Bg2 Be7 5.Nc3 O-O 6.Nf3 Ne4 7.O-O Bf6 8.Qc2 
Nxc3 9.Qxc3 d6 10.Re1 c5 11.e4 Nc6 12.e5 cxd4 13.Nxd4 Nxd4 14.exf6 Qxf6 
15.c5 dxc5 16.Qxc5 Bd7 17.Bf4 Nc6 18.Rad1 Rf7 19.Qb5 Be8 20.Rd6 Re7 21.Bf1
Bf7 22.Red1 g5 23.Bd2 Be8 24.Bc3 Qf7 25.Qb3 Bd7 26.Qxb7 Rd8 27.Qb5 Nd4 28.
Qa5 Nf3+ 29.Kg2 Ree8 30.Kxf3 Qh5+ 31.Ke3 f4+ 32.Kd2 Ba4 33.Qxa4 Rxd6+ 34.
Kc1 Rxd1+ 35.Qxd1 Qf7 36.Qd4 e5 37.Qe4 Qf6 38.Bd3 Re7 39.Kb1 fxg3 40.fxg3 
h6 41.Qa8+ Kg7 42.Bc4 Qf5+ 43.Ka1 Rf7 44.a3 Rf8 45.Qxa7+ Kg6 46.Qe7 Rc8 
47.Qd6+ Qf6 48.Bd3+ 1-0

[Event "G7:1"]
[Site "DM2013"]
[Round "4"]
[White "Esmat Guindy"]
[Black "Kurt Klifoth"]
[Result "0-1"]
[Date "29.03.2013"]
[WhiteElo "2106"]
[BlackElo "2129"]
[Input "DGT1185"]
[Board "game_5"]

1.d4 Nf6 2.c4 g6 3.Nf3 Bg7 4.g3 d5 5.cxd5 O-O 6.Bg2 Nxd5 7.O-O Nc6 8.e4 
Nb6 9.d5 Na5 10.Qc2 Nac4 11.Nbd2 Nd6 12.a4 a5 13.Nb3 f5 14.e5 Ne4 15.Rd1 
Nxd5 16.Nc5 Nxc5 17.Qxc5 e6 18.Bg5 Qd7 19.Ne1 c6 20.Nd3 b6 21.Qc1 Ba6 22.
Bh6 Rac8 23.Ra3 Bxd3 24.Raxd3 Bxh6 25.Qxh6 Qg7 26.Qd2 Qxe5 27.Re1 Qd6 28.
Rxe6 Qxe6 29.Rxd5 Rfe8 30.Kf1 Qe1+ 31.Qxe1 Rxe1+ 32.Kxe1 cxd5 33.Bxd5+ Kf8
0-1

[Event "G7:1"]
[Site "DM2013"]
[Round "4"]
[White "Klaus Nielsen"]
[Black "Johnny Holler Johansen"]
[Result "1-0"]
[Date "29.03.2013"]
[WhiteElo "2090"]
[BlackElo "2017"]
[Input "DGT1179"]
[Board "game_6"]

1.Nf3 Nf6 2.b3 g6 3.Bb2 Bg7 4.e3 d5 5.c4 c6 6.Nc3 O-O 7.d4 Nbd7 8.Bd3 Qc7 
9.O-O e5 10.cxd5 Nxd5 11.Nxd5 cxd5 12.Rc1 Qd6 13.dxe5 Nxe5 14.Nxe5 Bxe5 
15.Bxe5 Qxe5 16.Rc5 Be6 17.Qd2 Rac8 18.f4 Qd6 19.Rxc8 Rxc8 20.f5 Bd7 21.
fxg6 hxg6 22.Bc4 Be6 23.Rf4 Qe5 24.Bf1 Rc3 25.Bd3 Qc7 26.h4 Rc1+ 27.Rf1 
Rxf1+ 28.Bxf1 Qg3 29.Qf2 Qe5 30.Be2 Qa1+ 31.Bf1 Qe5 32.Qf4 Qxf4 33.exf4 
Kg7 34.Kf2 Kf6 35.Ke3 Kf5 36.Kf3 Kf6 37.g4 Kg7 38.Be2 f6 39.Ke3 Kf8 40.Kd4
Ke7 41.Bf3 Kd6 42.h5 gxh5 43.gxh5 b6 44.h6 Bg8 45.Bxd5 Bh7 46.Be4 f5 47.
Bd5 b5 48.b4 1-0

[Event "G7:1"]
[Site "DM2013"]
[Round "4"]
[White "Rune Egede Andersen"]
[Black "Thomas Tange Jepsen"]
[Result "0-1"]
[Date "29.03.2013"]
[WhiteElo "2056"]
[BlackElo "2075"]
[Input "DGT1182"]
[Board "game_7"]

1.e4 c6 2.c4 d5 3.cxd5 cxd5 4.exd5 Nf6 5.Nc3 Nxd5 6.Nf3 e6 7.d4 Bb4 8.Qc2 
Qa5 9.Bd2 Nc6 10.Bd3 Qb6 11.O-O h6 12.Bh7 Nf6 13.Bd3 O-O 14.a3 Be7 15.Be3 
Ng4 16.Bd2 Nxd4 17.Nxd4 Qxd4 18.Rad1 Qe5 19.g3 Qh5 20.h4 Bd7 21.Be4 Bc6 
22.Bxc6 bxc6 23.Kg2 Rfd8 24.Ne4 Rac8 25.Bc3 Rxd1 26.Rxd1 Rd8 27.Re1 Qd5 
28.f3 Nf6 29.Nf2 Qc4 30.b3 Qa6 31.a4 Nd5 32.Bd2 Qb6 33.Re4 Rb8 34.Ng4 h5 
35.Ne5 Qxb3 36.Qxc6 Qb7 37.Qc4 Rc8 38.Qd3 Qb2 39.Nc4 Qa2 40.Kh3 Rd8 41.Qe2
Nb6 42.Ba5 Qb1 43.Bxb6 axb6 44.g4 Qh1+ 45.Qh2 Qxf3+ 0-1

[Event "G7:1"]
[Site "DM2013"]
[Round "4"]
[White "Erling Møller Nielsen"]
[Black "Michael Nielsen"]
[Result "0-1"]
[Date "29.03.2013"]
[WhiteElo "2021"]
[BlackElo "2101"]
[Input "DGT1181"]
[Board "game_8"]

1.d4 Nf6 2.c4 c5 3.d5 b5 4.a4 bxc4 5.Nc3 d6 6.e4 g6 7.Bxc4 Bg7 8.Bb5+ Nbd7
9.a5 O-O 10.Nf3 Rb8 11.Be2 Rb4 12.Nd2 Ne5 13.O-O e6 14.f4 Ned7 15.Nc4 exd5
16.exd5 Ba6 17.Ra4 Bxc4 18.Bxc4 Rxa4 19.Qxa4 Ng4 20.Ne2 Ndf6 21.h3 Nh6 22.
Ng3 Nf5 23.Nxf5 gxf5 24.b4 Ne4 25.Be3 Qe7 26.Qa3 Nc3 27.Rf3 Qe4 28.Qb3 
cxb4 29.Bxa7 Rc8 30.Bd3 Qe1+ 31.Rf1 Qd2 32.Bxf5 Ne2+ 33.Kh2 Rc3 34.Qa4 Bh6
35.Qe8+ Kg7 36.Bf2 Qxf4+ 0-1

[Event "G7:1"]
[Site "DM2013"]
[Round "4"]
[White "Leif Jensen"]
[Black "Rauf Murtuzov"]
[Result "1/2-1/2"]
[Date "29.03.2013"]
[WhiteElo "2013"]
[BlackElo "1923"]
[Input "DGT5654"]
[Board "game_9"]

1.e4 c6 2.Nf3 d5 3.Nc3 Bg4 4.Be2 e6 5.exd5 cxd5 6.Ne5 Bxe2 7.Qxe2 Nc6 8.
Nxc6 bxc6 9.d3 Nf6 10.Bg5 Be7 11.O-O O-O 12.Nd1 h6 13.Bf4 Bd6 14.Bxd6 Qxd6
15.Ne3 Rab8 16.b3 c5 17.Rfe1 Rfe8 18.Ng4 Qe7 19.Nxf6+ Qxf6 20.Qe5 Qxe5 21.
Rxe5 f6 22.Re2 Re7 23.f4 a5 24.Kf2 Rb4 25.g3 a4 26.Ke3 Ra7 27.Rd1 axb3 28.
axb3 Ra3 29.Kf2 Kf7 30.Rde1 Rb6 31.Rd1 Rc6 32.Ree1 Ke7 33.Ra1 Rca6 34.Rxa3
Rxa3 35.Ke3 Kd6 1/2-1/2

[Event "G7:1"]
[Site "DM2013"]
[Round "4"]
[White "Carsten Juul Nielsen"]
[Black "Morten Frank Jensen"]
[Result "1/2-1/2"]
[Date "29.03.2013"]
[WhiteElo "2085"]
[BlackElo "2005"]
[Input "DGT5655"]
[Board "game_10"]

1.d4 b6 2.c4 Bb7 3.Nc3 e6 4.f3 f5 5.Nh3 Nf6 6.Nf2 Bb4 7.e3 O-O 8.Bd3 Nc6 
9.O-O Ne7 10.Ne2 Ng6 11.e4 fxe4 12.fxe4 Be7 13.Ng3 e5 14.d5 Bc5 15.Nf5 d6 
16.Be3 Bxe3 17.Nxe3 Nf4 18.g3 Nxd3 19.Qxd3 Bc8 20.Qe2 Bd7 21.g4 Kh8 22.g5 
Ng8 23.Qh5 Qe8 24.Qxe8 Raxe8 25.Nd3 Bh3 26.Ng2 Ne7 27.Rxf8+ Rxf8 28.Rf1 
Rxf1+ 29.Kxf1 Ng6 30.Kf2 a5 31.Ne3 Kg8 32.Kg3 Bd7 33.b3 Kf7 34.h4 Ne7 35.
Nd1 Kg6 36.Ne3 h6 37.gxh6 Kxh6 38.Ne1 Ng8 39.Nf3 Nf6 40.Ng5 Nh5+ 41.Kf3 
Nf4 42.Ng2 Nd3 43.Ne3 Kg6 44.Ne6 Bxe6 45.dxe6 Nf4 46.h5+ Nxh5 47.Nd5 c6 
48.Nxb6 Kf6 49.c5 Kxe6 50.cxd6 Nf6 51.Nc4 Nd7 52.Nxa5 Kxd6 53.Nc4+ Kc5 54.
Kg4 Kd4 55.Kf5 g6+ 56.Kxg6 Kxe4 57.Kf7 Kd5 58.Ke7 Nb8 59.Kf6 e4 60.Kf5 Nd7
61.Kf4 Kd4 62.Nd6 Nc5 63.Nf5+ Kd3 64.Ke5 Nb7 65.b4 e3 66.Nxe3 Kxe3 67.a4 
c5 68.bxc5 Nxc5 69.a5 Na6 1/2-1/2

[Event "G7:1"]
[Site "DM2013"]
[Round "5"]
[White "Torben Kyhl Sørensen"]
[Black "Kurt Klifoth"]
[Result "1-0"]
[Date "30.03.2013"]
[WhiteElo "2187"]
[BlackElo "2129"]
[Input "DGT932"]
[Board "game_1"]

1.e4 c5 2.c3 Nf6 3.e5 Nd5 4.d4 cxd4 5.Nf3 e6 6.cxd4 b6 7.a3 Bb7 8.Bd3 d6 
9.O-O Be7 10.Nbd2 Nd7 11.Ne4 dxe5 12.dxe5 O-O 13.Nfg5 g6 14.f4 Nc5 15.Bb1 
h6 16.b4 hxg5 17.bxc5 Nxf4 18.Nd6 Ba6 19.Rxf4 gxf4 20.Qg4 Bxd6 21.cxd6 Qe8
22.Bxf4 f5 23.exf6 Rxf6 24.Be4 Qf7 25.g3 Rd8 26.Rd1 e5 27.Bd5 exf4 28.
Bxf7+ Kxf7 29.d7 f3 30.Kf2 Bb5 31.h4 Bc6 32.h5 gxh5 33.Qxh5+ Ke7 34.Qe5+ 
Kf7 35.Rh1 1-0

[Event "G7:1"]
[Site "DM2013"]
[Round "5"]
[White "Leif Jensen"]
[Black "Janus Christensen"]
[Result "1-0"]
[Date "30.03.2013"]
[WhiteElo "2013"]
[BlackElo "2167"]
[Input "DGT4472"]
[Board "game_2"]

1.e4 e5 2.Nc3 Nf6 3.f4 d5 4.fxe5 Nxe4 5.Nf3 Bg4 6.Qe2 Nxc3 7.dxc3 Nc6 8.
Bf4 g5 9.Bg3 Bg7 10.O-O-O O-O 11.h3 Be6 12.h4 g4 13.Nd4 Nxd4 14.cxd4 c5 
15.Qe3 Qa5 16.Kb1 c4 17.Bf4 Bf5 18.Bh6 c3 19.Bxg7 Qb6 20.b3 Kxg7 21.Bd3 
Bxd3 22.Rxd3 Qg6 23.Rf1 Rac8 24.Rxc3 Rxc3 25.Qxc3 Qe4 26.Qd2 Rc8 27.Qg5+ 
Kf8 28.Qf5 Qxf5 29.Rxf5 Ke7 30.Kb2 Rg8 31.g3 Rg6 32.a4 Ke6 33.Rf4 h5 34.c4
dxc4 35.bxc4 a5 36.Kc3 Ke7 37.Rf5 Rb6 38.Rxh5 Rb4 39.Rg5 Rxa4 40.Rxg4 Ra1 
41.h5 a4 42.h6 a3 43.Kb3 a2 44.Rh4 Rg1 45.Kxa2 Rg2+ 46.Kb1 1-0

[Event "G7:1"]
[Site "DM2013"]
[Round "5"]
[White "Claus Rossen"]
[Black "Rune Egede Andersen"]
[Result "1-0"]
[Date "30.03.2013"]
[WhiteElo "2149"]
[BlackElo "2056"]
[Input "DGT4208"]
[Board "game_3"]

1.e4 e6 2.d4 d5 3.Nc3 Nf6 4.Bg5 Be7 5.e5 Nfd7 6.h4 c5 7.Bxe7 Kxe7 8.Qg4 
Kf8 9.f4 cxd4 10.Nb5 Qa5+ 11.Kf2 Qd2+ 12.Ne2 Nc6 13.Rh3 h5 14.Qg5 Nc5 15.
Nd6 Bd7 16.Rg3 Rh7 17.Kg1 Ne4 18.Nxe4 dxe4 19.f5 Qxg5 20.hxg5 exf5 21.Nxd4
Nxd4 22.Rd1 f4 23.Rc3 Bc6 24.Rxd4 Ke7 25.Rxc6 bxc6 26.Rxe4 Ke6 27.Rxf4 g6 
28.Rf6+ Kxe5 29.Rxc6 Kf4 30.Rc5 Rhh8 31.Bb5 Rac8 32.Bc6 Rhd8 33.b4 Rd1+ 
34.Kf2 Rcd8 35.g3+ Kg4 36.Bf3+ Kh3 37.Bxd1 Rxd1 38.Rc4 Rd2+ 39.Kf3 Kh2 40.
a4 Rd5 41.Rh4+ Kg1 42.Rf4 Rd2 43.c4 Rd3+ 44.Ke4 Rxg3 45.c5 Rb3 46.Ke5 Kg2 
47.Rc4 a5 48.c6 axb4 49.c7 Re3+ 50.Kf4 Rf3+ 51.Ke4 b3 52.c8=Q Rg3 53.Rb4 
1-0

[Event "G7:1"]
[Site "DM2013"]
[Round "5"]
[White "Thomas Tange Jepsen"]
[Black "Ib Hother Andersen"]
[Result "1-0"]
[Date "30.03.2013"]
[WhiteElo "2075"]
[BlackElo "2153"]
[Input "DGT1186"]
[Board "game_4"]

1.d4 Nf6 2.c4 e6 3.Nc3 Bb4 4.f3 d5 5.e3 c5 6.a3 Bxc3+ 7.bxc3 Nc6 8.Bd3 O-O
9.Ne2 Re8 10.O-O dxc4 11.Bxc4 e5 12.d5 Na5 13.Bb5 Bd7 14.Bxd7 Qxd7 15.e4 
Rec8 16.Bg5 Ne8 17.Ng3 g6 18.Qe2 f6 19.Bh6 Nd6 20.f4 Nf7 21.fxe5 Nxh6 22.
Rxf6 Rf8 23.c4 Nb3 24.Raf1 Nd4 25.Qf2 Qe7 26.Qf4 Qg7 27.h3 Rae8 28.e6 Rxf6
29.Qxf6 Qxf6 30.Rxf6 Kg7 31.e5 b6 32.Ne4 Nhf5 33.Rf7+ Kh6 34.g4 Nf3+ 35.
Kf2 N5d4 36.Rxf3 Nxf3 37.Kxf3 Kg7 38.Nf6 1-0

[Event "G7:1"]
[Site "DM2013"]
[Round "5"]
[White "Christian Grubert"]
[Black "Michael Nielsen"]
[Result "1/2-1/2"]
[Date "30.03.2013"]
[WhiteElo "2143"]
[BlackElo "2101"]
[Input "DGT1185"]
[Board "game_5"]

1.e4 c5 2.Nf3 d6 3.d4 cxd4 4.Nxd4 Nf6 5.Nc3 a6 6.Be2 e6 7.O-O Be7 8.Be3 
O-O 9.Qd2 Nbd7 10.f4 Nc5 11.Bf3 e5 12.Nb3 Qc7 13.Nxc5 dxc5 14.fxe5 Qxe5 
15.Bf4 Qd4+ 16.Qxd4 cxd4 17.Na4 Nd7 18.e5 Ra7 19.b3 Ba3 20.Rab1 b5 21.Nb2 
Nc5 22.Rfd1 Bf5 23.Nd3 Rc8 24.Bc1 Bxc1 25.Rbxc1 Nxd3 26.cxd3 Rac7 27.Rxc7 
Rxc7 28.Be4 Bg4 29.Rf1 Be2 30.Rf4 Rc3 31.h3 Bxd3 32.Bd5 Rc1+ 33.Kh2 Bg6 
34.e6 Rc7 35.exf7+ Bxf7 36.Rxd4 Bxd5 37.Rxd5 Rc2 38.a4 bxa4 39.bxa4 Rc4 
40.Ra5 Rc6 41.Kg3 Kf7 42.Kf4 Ke6 1/2-1/2

[Event "G7:1"]
[Site "DM2013"]
[Round "5"]
[White "Rauf Murtuzov"]
[Black "Jacob Brorsen"]
[Result "0-1"]
[Date "30.03.2013"]
[WhiteElo "1923"]
[BlackElo "2138"]
[Input "DGT1179"]
[Board "game_6"]

1.e4 g6 2.d4 Bg7 3.Nc3 d6 4.Be3 a6 5.Qd2 b5 6.a3 Nd7 7.f3 Bb7 8.Nge2 c5 9.
h4 h5 10.O-O-O Ngf6 11.Kb1 Qc7 12.g3 Nb6 13.Nc1 Rc8 14.e5 Nfd5 15.exd6 
Nxc3+ 16.Qxc3 exd6 17.Qe1 O-O 18.dxc5 Bxf3 19.Rd2 dxc5 20.Bf4 Qb7 21.Rhh2 
Rfe8 22.Be2 Nc4 23.Rd3 Be4 24.Rb3 Qd7 25.Nd3 Nb6 26.Nf2 c4 27.Re3 Bf5 28.
g4 hxg4 29.h5 g3 30.Rxe8+ Rxe8 31.Bxg3 Qd4 32.Nd1 Nd5 33.h6 Bf6 34.Bh4 
Bxh4 35.Rxh4 Qe5 36.Qh1 Qxe2 37.Rh2 Bxc2+ 38.Kc1 Qxd1+ 39.Qxd1 Bxd1 40.
Kxd1 Kh7 0-1

[Event "G7:1"]
[Site "DM2013"]
[Round "5"]
[White "Michael Vesterli"]
[Black "Klaus Nielsen"]
[Result "1-0"]
[Date "30.03.2013"]
[WhiteElo "2018"]
[BlackElo "2090"]
[Input "DGT1182"]
[Board "game_7"]

1.d4 d5 2.c4 e6 3.Nc3 Nf6 4.Nf3 Bb4 5.Bd2 O-O 6.e3 c6 7.Bd3 Nbd7 8.O-O Bd6
9.e4 dxe4 10.Nxe4 Nxe4 11.Bxe4 h6 12.Re1 Qc7 13.Bc3 b6 14.Bc2 Re8 15.Qd3 
Nf8 16.Re3 Bf4 17.Re2 Ba6 18.Ne5 Rad8 19.Qe4 Bxe5 20.dxe5 c5 21.Re3 Qe7 
22.h4 h5 23.Rg3 Rd7 24.Qf3 Qxh4 25.Re1 Red8 26.Re4 Rd1+ 27.Bxd1 Rxd1+ 28.
Qxd1 Qxe4 29.Qxh5 Bxc4 30.Qg5 Qb1+ 31.Kh2 Qh7+ 32.Rh3 Qe4 33.a3 Bd5 34.f3 
Qd3 35.Rh4 Qc2 36.Kg3 b5 37.Qe7 Bc4 38.Qxc5 a6 39.Bb4 1-0

[Event "G7:1"]
[Site "DM2013"]
[Round "5"]
[White "Rune Andersen"]
[Black "Esmat Guindy"]
[Result "0-1"]
[Date "30.03.2013"]
[WhiteElo "2133"]
[BlackElo "2106"]
[Input "DGT1181"]
[Board "game_8"]

1.d4 d5 2.c4 Bf5 3.Nc3 e6 4.Nf3 Nf6 5.Bg5 c6 6.Qb3 Qb6 7.c5 Qxb3 8.axb3 
Na6 9.Ra4 Bc2 10.Nd2 h6 11.Bf4 Nh5 12.e3 Nxf4 13.exf4 Nc7 14.Be2 Be7 15.
O-O O-O 16.Rc1 Bh7 17.Nf3 f6 18.b4 a6 19.h4 Rae8 20.Re1 Bd8 21.Bf1 Kf7 22.
Raa1 Re7 23.Re3 h5 24.g3 Bf5 25.Rae1 Ne8 26.Nd2 g6 27.f3 Rg8 28.Kh2 Bc7 
29.Nd1 g5 30.fxg5 fxg5 31.Bh3 gxh4 32.f4 hxg3+ 33.Kg2 Bxh3+ 34.Kxh3 h4 35.
f5 Ng7 36.fxe6+ Rxe6 37.Nf3 Rxe3 38.Nxe3 Ne6 39.Ng2 Nf4+ 40.Nxf4 Bxf4 41.
Nxh4 g2 42.Nxg2 Rg3+ 43.Kh2 Re3+ 44.Kh1 Rh3+ 45.Kg1 Bh2+ 46.Kf1 Rb3 47.Re2
Rxb4 48.Ne3 Bg3 49.Nf5 Bf4 50.Nd6+ Kf6 51.Ne8+ Kg5 52.Nd6 Bc1 53.Rg2+ Kf4 
54.Rf2+ Ke3 55.Nf5+ Ke4 56.Ng3+ Kd3 57.b3 Be3 58.Rf3 Rxb3 59.Kg2 Kc4 60.
Nf5 Rb2+ 61.Kg3 Bxd4 0-1

[Event "G7:1"]
[Site "DM2013"]
[Round "5"]
[White "Johnny Holler Johansen"]
[Black "Carsten Juul Nielsen"]
[Result "0-1"]
[Date "30.03.2013"]
[WhiteElo "2017"]
[BlackElo "2085"]
[Input "DGT5654"]
[Board "game_9"]

1.e4 c5 2.Nf3 Nf6 3.Nc3 d5 4.exd5 Nxd5 5.Bb5+ Bd7 6.Bxd7+ Qxd7 7.O-O Nc6 
8.d3 e6 9.Bg5 Nxc3 10.bxc3 Be7 11.Be3 O-O 12.Qd2 Rfd8 13.Rfd1 Qd5 14.a4 b6
15.Bf4 Bf6 16.Rab1 Qf5 17.Bg3 Rd7 18.Qe1 Rad8 19.Rb5 Qg4 20.c4 Qxc4 21.Bc7
Qxa4 22.Bxd8 Qxb5 23.Bxf6 gxf6 24.Qe4 c4 25.d4 Qd5 26.Qg4+ Kf8 27.c3 h5 
28.Qf4 Ke7 29.Re1 b5 30.h4 b4 31.Nd2 bxc3 32.Ne4 Qxd4 33.Rc1 Qe5 34.Qxe5 
fxe5 35.Rxc3 Rd1+ 36.Kh2 Rd4 37.f3 f5 38.Ng5 Rxh4+ 39.Kg3 Rd4 40.Kf2 Nb4 
41.Ra3 a6 42.Ra4 c3 0-1

[Event "G7:1"]
[Site "DM2013"]
[Round "5"]
[White "Morten Frank Jensen"]
[Black "Erling Møller Nielsen"]
[Result "1/2-1/2"]
[Date "30.03.2013"]
[WhiteElo "2005"]
[BlackElo "2021"]
[Input "DGT5655"]
[Board "game_10"]

1.b3 e5 2.Bb2 d6 3.d4 f6 4.e3 Be6 5.d5 Bf7 6.c4 f5 7.Be2 Qg5 8.g3 Qh6 9.
Nc3 Be7 10.h4 g5 11.Nb5 Bd8 12.Bf3 g4 13.Bg2 a6 14.Nc3 Nf6 15.Nge2 Nbd7 
16.a4 a5 17.Ba3 b6 18.Nb5 Nh5 19.Qc2 Bg6 20.Qc3 O-O 21.O-O-O f4 22.gxf4 
exf4 23.Ned4 fxe3 24.Qxe3 Qxe3+ 25.fxe3 Rf2 26.Rd2 Ne5 27.Rxf2 Nd3+ 28.Kd2
Nxf2 29.Rf1 Bxh4 30.Ne6 g3 31.Nbxc7 Be4 32.Rg1 Rc8 1/2-1/2

[Event "G7:1"]
[Site "DM2013"]
[Round "6"]
[White "Torben Kyhl Sørensen"]
[Black "Michael Vesterli"]
[Result "0-1"]
[Date "31.03.2013"]
[WhiteElo "2187"]
[BlackElo "2018"]
[Input "DGT932"]
[Board "game_1"]

1.e4 c5 2.c3 d5 3.exd5 Qxd5 4.d4 Nf6 5.Nf3 e6 6.Be3 Nc6 7.dxc5 Qxd1+ 8.
Kxd1 Ng4 9.b4 Nxe3+ 10.fxe3 a5 11.Bb5 Bd7 12.a3 Be7 13.Bxc6 Bxc6 14.Nd4 
Bxg2 15.Rg1 Be4 16.Nd2 Bg6 17.Nc4 axb4 18.cxb4 O-O 19.Kc1 Rfd8 20.Kb2 Bf6 
21.Rad1 Bh5 22.Rd2 Bf3 23.Nb6 Rab8 24.Kb3 Be4 25.Rdd1 h6 26.Nb5 Bf3 27.
Rdf1 Rd3+ 28.Kc2 Be4 29.Rxf6 Rbd8 30.Kc1 Rb3 31.Nd6 Rb1+ 32.Kd2 Rxg1 33.
Rf4 Bc6 34.Kc3 Rc1+ 35.Kb2 Re1 36.b5 Bh1 37.Nbc8 Rxe3 38.Ne7+ Kh7 39.Rxf7 
Re5 40.c6 Rxd6 41.c7 Rxb5+ 42.Ka2 Rd2+ 43.Ka1 Be4 44.Rf1 Rbb2 45.c8=Q Ra2#
0-1

[Event "G7:1"]
[Site "DM2013"]
[Round "6"]
[White "Janus Christensen"]
[Black "Christian Grubert"]
[Result "1/2-1/2"]
[Date "31.03.2013"]
[WhiteElo "2167"]
[BlackElo "2143"]
[Input "DGT4472"]
[Board "game_2"]

1.e4 c5 2.Nf3 g6 3.Bc4 Bg7 4.c3 d6 5.d4 cxd4 6.cxd4 Nf6 7.Qb3 O-O 8.e5 
dxe5 9.Nxe5 e6 10.Be3 Nc6 11.Nxc6 bxc6 12.Nc3 Nd5 13.O-O Qb6 14.Na4 Qxb3 
15.Bxb3 1/2-1/2

[Event "G7:1"]
[Site "DM2013"]
[Round "6"]
[White "Rune Andersen"]
[Black "Claus Rossen"]
[Result "0-1"]
[Date "31.03.2013"]
[WhiteElo "2133"]
[BlackElo "2149"]
[Input "DGT4208"]
[Board "game_3"]

1.d4 Nf6 2.c4 g6 3.Nc3 d5 4.Nf3 Bg7 5.cxd5 Nxd5 6.Bd2 O-O 7.e4 Nb6 8.Be3 
Nc6 9.Rc1 Bg4 10.e5 Bxf3 11.gxf3 e6 12.h4 Nd5 13.Bg5 Nxc3 14.bxc3 Qd5 15.
Qd2 Qxf3 16.Rh3 Qe4+ 17.Be2 f6 18.exf6 Bxf6 19.Bh6 Rf7 20.h5 Bh4 21.hxg6 
Rxf2 22.Kd1 hxg6 23.Rc2 Bf6 24.Be3 Qg2 25.Bxf2 Qxh3 26.Bc4 Na5 27.Bd3 c5 
28.Kc1 cxd4 29.cxd4 Nc6 30.Rc4 b5 31.Rxc6 Qh1+ 32.Kb2 Qxc6 33.Qf4 Rc8 34.
Bxg6 Qc3+ 0-1

[Event "G7:1"]
[Site "DM2013"]
[Round "6"]
[White "Ib Hother Andersen"]
[Black "Carsten Juul Nielsen"]
[Result "1-0"]
[Date "31.03.2013"]
[WhiteElo "2153"]
[BlackElo "2085"]
[Input "DGT1186"]
[Board "game_4"]

1.e4 c5 2.Nf3 Nf6 3.e5 Nd5 4.Nc3 e6 5.Nxd5 exd5 6.d4 Nc6 7.dxc5 Bxc5 8.
Qxd5 Qb6 9.Bc4 Bxf2+ 10.Ke2 O-O 11.Rf1 Bc5 12.Ng5 Nd4+ 13.Kd1 Ne6 14.Bd3 
Nxg5 15.Bxg5 d6 16.Qe4 g6 17.Bf6 Re8 18.Bc4 Be6 19.Qh4 dxe5 20.Rf3 Qxb2 
21.Bxe6 Qxa1+ 22.Ke2 Rxe6 23.Qxh7+ 1-0

[Event "G7:1"]
[Site "DM2013"]
[Round "6"]
[White "Jacob Brorsen"]
[Black "Thomas Tange Jepsen"]
[Result "1-0"]
[Date "31.03.2013"]
[WhiteElo "2138"]
[BlackElo "2075"]
[Input "DGT1185"]
[Board "game_5"]

1.d4 d5 2.c4 c6 3.Nf3 Nf6 4.e3 g6 5.Nc3 Bg7 6.Bd3 O-O 7.b3 Nbd7 8.O-O Qa5 
9.Bb2 dxc4 10.bxc4 e5 11.Qc2 b6 12.Rfe1 Bb7 13.Rad1 Rad8 14.Ne2 e4 15.Bxe4
Nxe4 16.Qxe4 Qxa2 17.Qc2 b5 18.Ra1 Qxc4 19.Qxc4 bxc4 20.Rxa7 Ba8 21.Bc3 
Nb6 22.Bb4 Rfe8 23.Nc3 h6 24.Ba5 Rb8 25.Bxb6 Rxb6 26.Rea1 Bb7 27.Na4 Rb5 
28.Nd2 c5 29.Nxc5 Bd5 30.Na4 Rb4 31.Nc3 Be6 32.R7a4 Reb8 33.Rxb4 Rxb4 34.
Rb1 Bf8 35.Kf1 Rxb1+ 36.Ndxb1 Bb4 37.Ke2 Kf8 38.e4 Bc8 39.Ke3 Bb7 40.f3 
Ke7 41.Ne2 Bc6 42.d5 Bc5+ 43.Kd2 Bb4+ 44.Kc2 Bb7 45.Nd2 Ba6 46.Nd4 Kd6 47.
Nc6 Ba3 48.Nb1 Bc5 49.Kc3 Bf2 50.Kb4 Be1+ 51.Nc3 f6 52.f4 Bd2 53.e5+ fxe5 
54.fxe5+ Kc7 55.Nd4 Kd7 56.Nf3 Be3 57.Nh4 g5 58.e6+ Kc7 59.Nf5 Bg1 60.d6+ 
Kb6 61.e7 1-0

[Event "G7:1"]
[Site "DM2013"]
[Round "6"]
[White "Kurt Klifoth"]
[Black "Leif Jensen"]
[Result "1-0"]
[Date "31.03.2013"]
[WhiteElo "2129"]
[BlackElo "2013"]
[Input "DGT1179"]
[Board "game_6"]

1.e4 e6 2.d3 d5 3.Nd2 c5 4.g3 dxe4 5.dxe4 Bd7 6.Bg2 Bc6 7.Qe2 Nf6 8.f4 
Nbd7 9.Ngf3 Qc7 10.O-O Be7 11.b3 O-O 12.Bb2 Rfd8 13.Kh1 b5 14.e5 Ne8 15.f5
Nf8 16.g4 exf5 17.gxf5 Qd7 18.Ne4 Qxf5 19.Nfg5 Qg6 20.Nxf7 Rdc8 21.Rad1 a5
22.Rd3 Ra7 23.Rg3 Qe6 24.Qh5 Ng6 25.Nfg5 Bxg5 26.Nxg5 Bxg2+ 27.Rxg2 Qc6 
28.Qxh7# 1-0

[Event "G7:1"]
[Site "DM2013"]
[Round "6"]
[White "Klaus Nielsen"]
[Black "Esmat Guindy"]
[Result "1-0"]
[Date "31.03.2013"]
[WhiteElo "2090"]
[BlackElo "2106"]
[Input "DGT1182"]
[Board "game_7"]

1.c4 e6 2.Nf3 d5 3.d4 Be7 4.Nc3 c6 5.e4 dxe4 6.Nxe4 Nf6 7.Bd3 Nbd7 8.O-O 
b6 9.Bf4 Nxe4 10.Bxe4 Bb7 11.Qa4 b5 12.Qb3 Nf6 13.Bc2 Ba6 14.cxb5 Bxb5 15.
Rfe1 Qd5 16.Qc3 a5 17.a3 a4 18.b4 O-O 19.Rac1 Rfd8 20.Be5 Rac8 21.Ng5 h6 
22.Ne4 Nxe4 23.Bxe4 Qb3 24.Qa1 Bc4 25.Rc3 Qa2 26.Qc1 Bb5 27.Rc2 Qb3 28.Re3
1-0

[Event "G7:1"]
[Site "DM2013"]
[Round "6"]
[White "Rune Egede Andersen"]
[Black "Morten Frank Jensen"]
[Result "1-0"]
[Date "31.03.2013"]
[WhiteElo "2056"]
[BlackElo "2005"]
[Input "DGT1181"]
[Board "game_8"]

1.e4 b6 2.d4 Bb7 3.Bd3 e6 4.Qe2 d5 5.e5 c5 6.c3 Nc6 7.Nf3 cxd4 8.Nxd4 Bc5 
9.Nxc6 Bxc6 10.Qg4 Kf8 11.O-O Rc8 12.b4 Be7 13.Na3 h5 14.Qe2 g6 15.Nc2 Kg7
16.Nd4 Nh6 17.Bxh6+ Rxh6 18.f4 Bd7 19.Rac1 a5 20.a3 Rc7 21.Qe3 h4 22.Qf3 
Qc8 23.Ne2 Qe8 24.Qg4 Bb5 25.Bxb5 Qxb5 26.Nd4 Qd3 27.f5 Qe3+ 28.Kh1 Bg5 
29.fxe6 Qxc1 30.Rxc1 Bxc1 31.Nf5+ Kh7 32.e7 Rxe7 33.Nxe7 Rh5 34.Qc8 Rxe5 
35.Qg8+ Kh6 36.Qh8+ 1-0